| 000 | 00494nam a2200181Ia 4500 | ||
|---|---|---|---|
| 008 | 100920s9999 xx 000 0 und d | ||
| 082 |
_b100558 _a8 न 03 |
||
| 100 | _aSENGUPTA MANDIRA. | ||
| 245 | _aTHE QUEEN OF JHANSI. | ||
| 260 |
_bSEAGULL BOOKS, CALCUTTA. _c2003 |
||
| 300 |
_a285 _bसाधी |
||
| 365 | _b295 | ||
| 520 | _aहिस्ट्नी. | ||
| 630 | _aTHE QUEEN OF JHANSI. | ||
| 650 | _aहिस्ट्नी. | ||
| 730 | _aTHE QUEEN OF JHANSI. | ||
| 942 | _cBOOK | ||
| 999 |
_c740996 _d740993 |
||